Tangisan di lubuk hati

Bibliographic Details
Main Author: WS. Uzala
Format: Book
Published: Selangor : Sama Publications & Distributors Sdn.Bhd. , 2008
Series:Siri novel senyuman duka
Subjects:

MARC

LEADER 00000cam a2200000 7i4500
001 0000031970
005 20160330.0
008 120426
020 |a 9675084126 
090 0 0 |a WSU   |b MAL 
100 1 |a WS. Uzala 
245 1 0 |a Tangisan di lubuk hati   |c WS. Uzala 
260 |a Selangor :   |b Sama Publications & Distributors Sdn.Bhd. ,   |c 2008 
440 |a Siri novel senyuman duka 
500 |a Teenager ages 13-18 years old (blue) 
650 0 |a Malay fiction 
999 |a 0001137776   |b Book   |c Teenagers   |e Perbadanan Perpustakaan Awam Johor 
999 |a 0001137777   |b Book   |c Teenagers   |e Perbadanan Perpustakaan Awam Johor 
999 |a 0001137778   |b Book   |c Teenagers   |e Perbadanan Perpustakaan Awam Johor 
999 |a 0001137779   |b Book   |c Teenagers   |e Perbadanan Perpustakaan Awam Johor 
999 |a 0001137780   |b Book   |c Teenagers   |e Perbadanan Perpustakaan Awam Johor